000 00936nam a2200265 i 4500
001 bg
245 0 0 _aSpringer handbook of experimental fluid mechanics /
_cCameron Tropea, Alexander L. Yarin, John F. Foss (eds.).
246 3 0 _aExperimental fluid mechanics
260 _aBerlin ;
_aHeidelberg :
_bSpringer,
_c2007.
300 _aXXVIII, 1557 s. :
_bil. ;
_c25 cm +
_edysk optyczny DVD-ROM.
650 9 _aMechanika płynów
655 _aPodręczniki akademickie
700 1 _aTropea, Cameron
_d(1954- ).
_eRed.
700 1 _aYarin, Alexander L.
_d(1953- ).
_eRed.
700 1 _aFoss, John F.
_eRed.
020 _a9783540251415
040 _cBPK
041 _apol
044 _aDEU
080 _a532.5:533.6:681.12
920 _a978-3-540-25141-5
942 _cKS
008 s pl f |000 0 pol
999 _c56525
_d56525
856 _uhttp://koha.tu.koszalin.pl/cgi-bin/koha/opac-detail.pl?biblionumber=56525
_yKatalog online BPK